[Event "Moscow Aeroflot op-A 18th"]
[Site "Moscow"]
[Date "2019.02.20"]
[Round "1"]
[White "Aditya, Mittal"]
[Black "Petrosian, Tigran L"]
[Result "1/2-1/2"]
[WhiteElo "2454"]
[BlackElo "2595"]
[PlyCount "133"]
[EventDate "2019.02.20"]
[EventType "swiss"]
[EventRounds "9"]
[EventCountry "RUS"]
[SourceTitle "CBM 189"]
[Source "ChessBase"]
[SourceDate "2019.04.29"]
[SourceVersion "1"]
[SourceVersionDate "2019.04.29"]
[SourceQuality "1"]

1. d4 f5 2. g3 Nf6 3. Bg2 g6 4. Nf3 Bg7 5. O-O O-O 6. b3 d6 7. Bb2 Ne4 8. Nbd2
Nc6 9. c4 Nxd2 10. Qxd2 e5 11. dxe5 dxe5 12. Qd5+ Kh8 13. Qxd8 Rxd8 14. Rad1
Rxd1 15. Rxd1 e4 16. Bxg7+ Kxg7 17. Nd4 Nxd4 18. Rxd4 Be6 19. f3 Kf6 20. fxe4
Ke5 21. Rd1 f4 22. gxf4+ Kxf4 23. Kf2 Ke5 24. h4 a5 25. Kg3 Re8 26. Bh3 Bxh3
27. Kxh3 Re7 28. Rd5+ Kxe4 29. Rxa5 Kf4 30. e4 Kxe4 31. Kg4 Rf7 32. Ra7 b6 33.
a4 h6 34. Kg3 h5 35. Kg2 Rd7 36. Ra8 Rd2+ 37. Kf1 Rb2 38. Rg8 Kf5 39. Rf8+ Ke5
40. Rg8 Kf5 41. Rf8+ Ke5 42. Rc8 Kd6 43. c5+ bxc5 44. Rg8 Rxb3 45. Rxg6+ Kd5
46. Rg5+ Kd4 47. Ke2 c4 48. Rxh5 c5 49. Rh8 Rb2+ 50. Kd1 Ra2 51. Rd8+ Kc3 52.
Rc8 Ra1+ 53. Ke2 Kb3 54. Rb8+ Kc2 55. h5 Rxa4 56. h6 Ra7 57. Rc8 c3 58. Rxc5
Re7+ 59. Kf3 Kd3 60. Kg4 c2 61. Kf5 Kd2 62. Kg6 Re6+ 63. Kg7 c1=Q 64. Rxc1 Kxc1
65. h7 Re7+ 66. Kg8 Rxh7 67. Kxh7 1/2-1/2

[Event "Moscow Aeroflot op-A 18th"]
[Site "Moscow"]
[Date "2019.02.20"]
[Round "1"]
[White "Afanasiev, Nikita"]
[Black "Khismatullin, Denis Rimovich"]
[Result "1/2-1/2"]
[WhiteElo "2508"]
[BlackElo "2621"]
[PlyCount "146"]
[EventDate "2019.02.20"]
[EventType "swiss"]
[EventRounds "9"]
[EventCountry "RUS"]
[SourceTitle "CBM 189"]
[Source "ChessBase"]
[SourceDate "2019.04.29"]
[SourceVersion "1"]
[SourceVersionDate "2019.04.29"]
[SourceQuality "1"]

1. d4 Nf6 2. Nf3 e6 3. c4 b6 4. a3 Bb7 5. Nc3 d5 6. Bg5 Be7 7. Qa4+ c6 8. Bxf6
Bxf6 9. cxd5 exd5 10. g3 O-O 11. Bg2 Re8 12. O-O Nd7 13. Rfd1 Nf8 14. b4 Ne6
15. Qb3 Rc8 16. a4 Re7 17. a5 c5 18. e3 cxd4 19. Nxd4 bxa5 20. bxa5 Bxd4 21.
exd4 Rc4 22. Ra4 Rd7 23. a6 Bc6 24. Rb4 Qa5 25. Nxd5 Rxb4 26. Nxb4 Bxg2 27.
Kxg2 Qb5 28. d5 Nc5 29. Qc3 h6 30. Rc1 Ne4 31. Qc8+ Kh7 32. Qc6 Qe2 33. Rc2 Nd2
34. Rxd2 Qe4+ 35. f3 Qxb4 36. Qxd7 Qxd2+ 37. Kh3 Qd3 38. Qxf7 Qf1+ 39. Kg4 Qxa6
40. Qe7 Qc8+ 41. Kf4 Kg6 42. Ke5 Qc3+ 43. Kd6 a5 44. Qe4+ Kf7 45. Qe6+ Kf8 46.
Kd7 g6 47. Qxg6 Qxf3 48. Qxh6+ Kf7 49. Qh7+ Kf6 50. Qe7+ Kg6 51. Qe6+ Kg7 52.
Kc7 a4 53. Qd7+ Qf7 54. Qxf7+ Kxf7 55. d6 a3 56. d7 a2 57. d8=Q a1=Q 58. Qd5+
Kg7 59. Qg5+ Kf7 60. h4 Qa7+ 61. Kc6 Qa6+ 62. Kd7 Qb7+ 63. Kd6 Qb6+ 64. Ke5
Qc5+ 65. Ke4 Qc4+ 66. Kf5 Qe6+ 67. Kf4 Qc4+ 68. Kf3 Qf1+ 69. Kg4 Qe2+ 70. Kf4
Qc4+ 71. Ke5 Qc5+ 72. Ke4 Qc4+ 73. Ke5 Qc5+ 1/2-1/2

[Event "Moscow Aeroflot op-A 18th"]
[Site "Moscow"]
[Date "2019.02.20"]
[Round "1"]
[White "Aleksandrov, Aleksej"]
[Black "Macovei, Andrei"]
[Result "1/2-1/2"]
[WhiteElo "2574"]
[BlackElo "2435"]
[PlyCount "29"]
[EventDate "2019.02.20"]
[EventType "swiss"]
[EventRounds "9"]
[EventCountry "RUS"]
[SourceTitle "CBM 189"]
[Source "ChessBase"]
[SourceDate "2019.04.29"]
[SourceVersion "1"]
[SourceVersionDate "2019.04.29"]
[SourceQuality "1"]

1. d4 Nf6 2. c4 e6 3. Nc3 Bb4 4. e3 O-O 5. Bd2 c5 6. a3 Bxc3 7. Bxc3 Ne4 8. Rc1
d6 9. Nf3 Nd7 10. Be2 Ndf6 11. O-O Nxc3 12. Rxc3 b6 13. b4 Bb7 14. Nd2 Rc8 15.
Bf3 1/2-1/2

[Event "Moscow Aeroflot op-A 18th"]
[Site "Moscow"]
[Date "2019.02.20"]
[Round "1"]
[White "Antipov, Mikhail Al"]
[Black "Arjun, Kalyan"]
[Result "1/2-1/2"]
[WhiteElo "2589"]
[BlackElo "2444"]
[PlyCount "96"]
[EventDate "2019.02.20"]
[EventType "swiss"]
[EventRounds "9"]
[EventCountry "RUS"]
[SourceTitle "CBM 189"]
[Source "ChessBase"]
[SourceDate "2019.04.29"]
[SourceVersion "1"]
[SourceVersionDate "2019.04.29"]
[SourceQuality "1"]

1. Nf3 d5 2. g3 c6 3. Bg2 Bg4 4. O-O Nd7 5. h3 Bh5 6. d3 Ngf6 7. c4 dxc4 8.
dxc4 e6 9. Nc3 Be7 10. Bf4 O-O 11. Qc2 Qa5 12. a3 e5 13. Be3 Bg6 14. Qc1 h6 15.
b4 Qc7 16. Rd1 Rfd8 17. Qb2 Ne4 18. Nxe4 Bxe4 19. c5 a5 20. Bd2 Bd5 21. Bc3 Bf6
22. Nd2 axb4 23. axb4 b6 24. cxb6 Qxb6 25. e4 Be6 26. Bf1 Qc7 27. Nc4 Rdc8 28.
Rxa8 Rxa8 29. Ra1 Rb8 30. Ra5 Be7 31. Qa3 f6 32. Ra6 Bf7 33. Qa5 Qc8 34. Qa4 c5
35. b5 Nf8 36. Ra7 Qe8 37. Ne3 Ne6 38. Bc4 Ng5 39. Nf5 Bf8 40. Rxf7 Nxf7 41.
Qa7 Rxb5 42. Kg2 Rb1 43. Bd2 Rd1 44. Qa2 Qd7 45. Bd5 g6 46. Ne3 Rxd2 47. Qxd2
Kg7 48. h4 h5 1/2-1/2

[Event "Moscow Aeroflot op-A 18th"]
[Site "Moscow"]
[Date "2019.02.20"]
[Round "1"]
[White "Aravindh, Chithambaram VR"]
[Black "Prithu, Gupta"]
[Result "1-0"]
[WhiteElo "2601"]
[BlackElo "2470"]
[PlyCount "57"]
[EventDate "2019.02.20"]
[EventType "swiss"]
[EventRounds "9"]
[EventCountry "RUS"]
[SourceTitle "CBM 189"]
[Source "ChessBase"]
[SourceDate "2019.04.29"]
[SourceVersion "1"]
[SourceVersionDate "2019.04.29"]
[SourceQuality "1"]

1. c4 e5 2. g3 c6 3. Nf3 e4 4. Nd4 d5 5. d3 dxc4 6. dxe4 Bc5 7. e3 Nf6 8. Nc3
Qe7 9. Bg2 Bb4 10. Qc2 O-O 11. O-O Re8 12. Nce2 Nxe4 13. a3 Bd6 14. Qxc4 Nf6
15. Bd2 Na6 16. Qc2 Nc5 17. Rad1 Bd7 18. Bc1 a5 19. Nc3 g6 20. e4 Ne6 21. Nxe6
Bxe6 22. Rfe1 Bc5 23. h3 Nh5 24. g4 Ng7 25. e5 Ba7 26. Ne4 Kh8 27. Bg5 Qc7 28.
Qc1 h6 29. Nf6 1-0

[Event "Moscow Aeroflot op-A 18th"]
[Site "Moscow"]
[Date "2019.02.20"]
[Round "1"]
[White "Chigaev, Maksim"]
[Black "Vokhidov, Shamsiddin"]
[Result "1-0"]
[WhiteElo "2613"]
[BlackElo "2494"]
[PlyCount "65"]
[EventDate "2019.02.20"]
[EventType "swiss"]
[EventRounds "9"]
[EventCountry "RUS"]
[SourceTitle "CBM 189"]
[Source "ChessBase"]
[SourceDate "2019.04.29"]
[SourceVersion "1"]
[SourceVersionDate "2019.04.29"]
[SourceQuality "1"]

1. e4 e5 2. Nf3 Nc6 3. Bc4 Bc5 4. O-O Nf6 5. d3 d6 6. c3 a6 7. a4 Ba7 8. Nbd2
O-O 9. h3 Kh8 10. b4 Ng8 11. b5 Na5 12. Ba2 axb5 13. axb5 Bd7 14. Bb1 Bb6 15.
c4 f5 16. Bb2 Qf6 17. Bc3 Ne7 18. c5 dxc5 19. Nxe5 Bxb5 20. Ba2 Qd6 21. Nf7+
Rxf7 22. Bxf7 Qxd3 23. Ra3 Qd8 24. Qa1 h6 25. Bxg7+ Kh7 26. Rd1 Nec6 27. exf5
Nd4 28. Bxd4 cxd4 29. Bg6+ Kh8 30. Nf3 c5 31. Ne5 Kg7 32. Nf7 Qh4 33. Rb1 1-0

[Event "Moscow Aeroflot op-A 18th"]
[Site "Moscow"]
[Date "2019.02.20"]
[Round "1"]
[White "Debashis, Das"]
[Black "Iturrizaga Bonelli, Eduardo"]
[Result "1/2-1/2"]
[WhiteElo "2532"]
[BlackElo "2640"]
[PlyCount "155"]
[EventDate "2019.02.20"]
[EventType "swiss"]
[EventRounds "9"]
[EventCountry "RUS"]
[SourceTitle "CBM 189"]
[Source "ChessBase"]
[SourceDate "2019.04.29"]
[SourceVersion "1"]
[SourceVersionDate "2019.04.29"]
[SourceQuality "1"]

1. d4 Nf6 2. c4 e6 3. Nc3 Bb4 4. g3 O-O 5. Bg2 d5 6. Nf3 dxc4 7. O-O Nc6 8. Qa4
Nd5 9. Qc2 Be7 10. Rd1 b6 11. e4 Ndb4 12. Qe2 Ba6 13. a3 Nd3 14. Be3 Na5 15. b4
Nb3 16. Rab1 c5 17. Rxb3 cxb3 18. b5 Bxb5 19. Nxb5 c4 20. Nd2 a6 21. Nc3 b5 22.
Nxb3 Bxa3 23. e5 Nb2 24. Ra1 cxb3 25. Rxa3 b4 26. Qxb2 bxa3 27. Qxb3 Qa5 28.
Bxa8 Rxa8 29. h4 Rc8 30. Na2 h6 31. h5 Qe1+ 32. Kh2 Qa1 33. Qxa3 Rc2 34. Qe7
Rxa2 35. Qe8+ Kh7 36. Qxf7 Qb1 37. Qxe6 Ra1 38. g4 Qe4 39. Qf5+ Qxf5 40. gxf5
Rd1 41. Kg3 a5 42. e6 Kg8 43. Kf4 a4 44. Ke5 a3 45. Kd6 Rb1 46. d5 Rd1 47. Bf4
a2 48. Be5 Kf8 49. f6 gxf6 50. Bxf6 Ke8 51. f4 a1=Q 52. Bxa1 Rxa1 53. f5 Rh1
54. Kc7 Rc1+ 55. Kd6 Rf1 56. Ke5 Rh1 57. d6 Rxh5 58. Kf6 Rg5 59. Ke5 h5 60. Kf4
Rg4+ 61. Ke5 Rg1 62. f6 Rf1 63. f7+ Kf8 64. d7 Ke7 65. Kd5 h4 66. Kc6 h3 67.
Kc7 Rc1+ 68. Kb7 Rd1 69. Kc8 Rc1+ 70. Kb7 Rd1 71. Kc8 h2 72. f8=Q+ Kxf8 73.
d8=Q+ Rxd8+ 74. Kxd8 h1=Q 75. e7+ Kg7 76. e8=Q Qa8+ 77. Kd7 Qxe8+ 78. Kxe8
1/2-1/2

[Event "Moscow Aeroflot op-A 18th"]
[Site "Moscow"]
[Date "2019.02.20"]
[Round "1"]
[White "Ganguly, Surya Shekhar"]
[Black "Praggnanandhaa, Rameshbabu"]
[Result "1-0"]
[WhiteElo "2636"]
[BlackElo "2532"]
[PlyCount "155"]
[EventDate "2019.02.20"]
[EventType "swiss"]
[EventRounds "9"]
[EventCountry "RUS"]
[SourceTitle "CBM 189"]
[Source "ChessBase"]
[SourceDate "2019.04.29"]
[SourceVersion "1"]
[SourceVersionDate "2019.04.29"]
[SourceQuality "1"]

1. e4 c5 2. Nf3 Nc6 3. Nc3 d6 4. d4 cxd4 5. Nxd4 Nf6 6. Bg5 g6 7. Be2 Bg7 8.
Nb3 O-O 9. O-O Be6 10. Re1 Rc8 11. Bf1 Nd7 12. Qd2 a6 13. Rab1 Re8 14. Nd5 Nce5
15. c3 Nb6 16. Rbd1 Bg4 17. Be2 Bd7 18. h3 Nec4 19. Qc1 f6 20. Bf4 Na4 21. Bxc4
Rxc4 22. Qc2 b5 23. a3 Rc8 24. Be3 Be6 25. f4 Bf7 26. f5 e6 27. fxe6 Rxe6 28.
Bd4 Nc5 29. Bf2 Qe8 30. Nd2 Qc6 31. b4 Nd7 32. Nb3 Ree8 33. Na5 Qa8 34. Qd2
Bxd5 35. exd5 f5 36. Re6 Nf6 37. Qd3 Ne4 38. c4 bxc4 39. Nxc4 Qb8 40. Bd4 Qc7
41. Bxg7 Kxg7 42. Qd4+ Kg8 43. Nd2 Ng5 44. Re3 Rxe3 45. Qxe3 Nf7 46. Nf3 Qc2
47. Re1 Qb2 48. Nd4 Ne5 49. Nc6 f4 50. Qxf4 Nd3 51. Qf1 Rf8 52. Qe2 Qxa3 53.
Qe6+ Kg7 54. Qe3 Qb2 55. Re2 Qa1+ 56. Kh2 Nf4 57. Rf2 Nxd5 58. Qa7+ Kg8 59.
Rxf8+ Kxf8 60. Qb8+ Kg7 61. Qxd6 Nf6 62. Ne5 Ng8 63. Qc7+ Kh8 64. Nf7+ Kg7 65.
Ne5+ Kh8 66. Nf7+ Kg7 67. Ng5+ Kh6 68. Ne6 g5 69. Qg3 Qf6 70. h4 g4 71. Qxg4
Qe5+ 72. Kh3 Ne7 73. Ng5 Qc3+ 74. g3 Ng6 75. Qd7 Nf8 76. Qf5 Ng6 77. Ne6 Qc1
78. Qg5+ 1-0

[Event "Moscow Aeroflot op-A 18th"]
[Site "Moscow"]
[Date "2019.02.20"]
[Round "1"]
[White "Gavrilescu, David"]
[Black "Deac, Bogdan Daniel"]
[Result "0-1"]
[WhiteElo "2479"]
[BlackElo "2603"]
[PlyCount "70"]
[EventDate "2019.02.20"]
[EventType "swiss"]
[EventRounds "9"]
[EventCountry "RUS"]
[SourceTitle "CBM 189"]
[Source "ChessBase"]
[SourceDate "2019.04.29"]
[SourceVersion "1"]
[SourceVersionDate "2019.04.29"]
[SourceQuality "1"]

1. e4 e5 2. Nf3 Nc6 3. Bc4 Bc5 4. d3 Nf6 5. O-O d6 6. c3 a6 7. a4 Ba7 8. Re1
O-O 9. h3 b5 10. Bb3 b4 11. a5 Rb8 12. Nbd2 Be6 13. Bxe6 fxe6 14. Nc4 Rb5 15.
Be3 Bxe3 16. Rxe3 Nd7 17. d4 Qf6 18. Re2 Qg6 19. Re3 bxc3 20. bxc3 Nf6 21. dxe5
dxe5 22. Nfd2 Rd8 23. Qf1 Qe8 24. Rd3 Rdb8 25. Qd1 Qe7 26. g3 h6 27. Kg2 Kh7
28. Qa4 Nd7 29. Qa3 Nc5 30. Re3 Qd8 31. Ree1 Nb7 32. Qa2 Nbxa5 33. Nxa5 Rxa5
34. Qxe6 Qxd2 35. Qxc6 Rf8 0-1

[Event "Moscow Aeroflot op-A 18th"]
[Site "Moscow"]
[Date "2019.02.20"]
[Round "1"]
[White "Kobalia, Mihail"]
[Black "Xu, Yi"]
[Result "1/2-1/2"]
[WhiteElo "2627"]
[BlackElo "2520"]
[PlyCount "94"]
[EventDate "2019.02.20"]
[EventType "swiss"]
[EventRounds "9"]
[EventCountry "RUS"]
[SourceTitle "CBM 189"]
[Source "ChessBase"]
[SourceDate "2019.04.29"]
[SourceVersion "1"]
[SourceVersionDate "2019.04.29"]
[SourceQuality "1"]

1. e4 e5 2. Nf3 Nf6 3. Nxe5 d6 4. Nf3 Nxe4 5. c4 Be7 6. d4 d5 7. Qc2 O-O 8. Bd3
Nc6 9. a3 Nf6 10. c5 Bg4 11. Nbd2 Ne4 12. Nb3 Bxf3 13. gxf3 Ng5 14. Be3 Nxf3+
15. Ke2 Ng5 16. Rag1 a5 17. h4 Ne4 18. f3 a4 19. Nd2 f5 20. fxe4 dxe4 21. Nxe4
fxe4 22. Bc4+ Kh8 23. Qxe4 Bf6 24. Bd3 g6 25. Rxg6 Qd7 26. Rh6 Rf7 27. d5 Re8
28. dxc6 bxc6 29. Qxh7+ Rxh7 30. Rxh7+ Qxh7 31. Bxh7 Kxh7 32. Kd3 Bxb2 33. Rf1
Kg6 34. Rb1 Bxa3 35. Ra1 Bb2 36. Rxa4 Bf6 37. Bf2 Rd8+ 38. Ke2 Kf5 39. Ra6 Rh8
40. Ra4 Rb8 41. Ra3 Rb2+ 42. Kf3 Rb4 43. h5 Bd4 44. Bxd4 Rxd4 45. Ra6 Rh4 46.
Rxc6 Rxh5 47. Ke3 Ke5 1/2-1/2

[Event "Moscow Aeroflot op-A 18th"]
[Site "Moscow"]
[Date "2019.02.20"]
[Round "1"]
[White "Liu, Yan"]
[Black "Van Foreest, Jorden"]
[Result "1-0"]
[WhiteElo "2498"]
[BlackElo "2618"]
[PlyCount "85"]
[EventDate "2019.02.20"]
[EventType "swiss"]
[EventRounds "9"]
[EventCountry "RUS"]
[SourceTitle "CBM 189"]
[Source "ChessBase"]
[SourceDate "2019.04.29"]
[SourceVersion "1"]
[SourceVersionDate "2019.04.29"]
[SourceQuality "1"]

1. Nf3 d5 2. d4 Nf6 3. c4 e6 4. g3 dxc4 5. Bg2 c5 6. O-O Nc6 7. dxc5 Qxd1 8.
Rxd1 Bxc5 9. Nbd2 c3 10. bxc3 O-O 11. Nb3 Be7 12. Nfd4 Bd7 13. Bg5 Rac8 14.
Bxf6 Bxf6 15. Nc5 Nb8 16. Nxd7 Nxd7 17. Nxe6 fxe6 18. Rxd7 Rxc3 19. Rb1 Rc2 20.
e3 Rxa2 21. Bh3 Ra6 22. Rbxb7 Ra8 23. Bg4 Rc6 24. Rxa7 Rxa7 25. Rxa7 Kf8 26.
Bf3 Rd6 27. Be4 Kg8 28. h4 Rd8 29. Kg2 Rc8 30. Ra6 e5 31. h5 h6 32. Bg6 Kf8 33.
Ra7 Rb8 34. f4 Rb5 35. Kf3 Rc5 36. Ke4 Rb5 37. Bf7 Rb4+ 38. Kf5 Rb5 39. Kg6 Rb6
40. Kh7 Rb8 41. Bg6 Be7 42. e4 Rd8 43. f5 1-0

[Event "Moscow Aeroflot op-A 18th"]
[Site "Moscow"]
[Date "2019.02.20"]
[Round "1"]
[White "Martirosyan, Haik M"]
[Black "Gagare, Shardul"]
[Result "1-0"]
[WhiteElo "2616"]
[BlackElo "2495"]
[PlyCount "91"]
[EventDate "2019.02.20"]
[EventType "swiss"]
[EventRounds "9"]
[EventCountry "RUS"]
[SourceTitle "CBM 189"]
[Source "ChessBase"]
[SourceDate "2019.04.29"]
[SourceVersion "1"]
[SourceVersionDate "2019.04.29"]
[SourceQuality "1"]

1. d4 Nf6 2. Nf3 d5 3. c4 e6 4. Nc3 Be7 5. Bg5 h6 6. Bxf6 Bxf6 7. Qc2 O-O 8.
O-O-O Nc6 9. e4 dxc4 10. e5 Nb4 11. Qe4 Be7 12. Bxc4 Bd7 13. a3 Bc6 14. d5 Nxd5
15. Nxd5 exd5 16. Bxd5 Bxd5 17. Rxd5 Qe8 18. Kb1 b5 19. h4 b4 20. Ng5 g6 21.
axb4 hxg5 22. hxg5 Kg7 23. e6 f6 24. Rd7 Rd8 25. Rxc7 fxg5 26. Qb7 Kf6 27. Qf3+
Kg7 28. Qc3+ Rf6 29. Rh7+ Kxh7 30. Qxf6 Rd1+ 31. Kc2 Rd2+ 32. Kb3 Kh6 33. Rxe7
Rd3+ 34. Kc4 Qd8 35. Qg7+ Kh5 36. Qh7+ Kg4 37. Rd7 Qb6 38. f3+ Kg3 39. Qh3+ Kf2
40. Rxd3 a5 41. f4 Qxb4+ 42. Kd5 Qb7+ 43. Kd6 Qb4+ 44. Kd7 Qb5+ 45. Ke7 Qb4+
46. Kf7 1-0

[Event "Moscow Aeroflot op-A 18th"]
[Site "Moscow"]
[Date "2019.02.20"]
[Round "1"]
[White "Nabaty, Tamir"]
[Black "Santos Ruiz, Miguel"]
[Result "1/2-1/2"]
[WhiteElo "2688"]
[BlackElo "2554"]
[PlyCount "108"]
[EventDate "2019.02.20"]
[EventType "swiss"]
[EventRounds "9"]
[EventCountry "RUS"]
[SourceTitle "CBM 189"]
[Source "ChessBase"]
[SourceDate "2019.04.29"]
[SourceVersion "1"]
[SourceVersionDate "2019.04.29"]
[SourceQuality "1"]

1. d4 Nf6 2. Bf4 d5 3. e3 c5 4. dxc5 e6 5. b4 a5 6. c3 Bd7 7. Nd2 axb4 8. cxb4
b6 9. cxb6 Bxb4 10. Bc7 Qe7 11. Ngf3 O-O 12. a4 Bd6 13. Bxd6 Qxd6 14. a5 Qc5
15. Nb3 Qb4+ 16. Nfd2 Ba4 17. Qb1 Ne4 18. Bd3 Bxb3 19. Bxe4 Rxa5 20. Bxh7+ Kh8
21. Rxa5 Qxa5 22. Bd3 Bc4 23. Bxc4 dxc4 24. Ke2 c3 25. Nc4 Qd5 26. Qb4 Kg8 27.
Qxc3 Qxg2 28. Rb1 Qg4+ 29. Kf1 Rc8 30. Rc1 Qh3+ 31. Ke1 Qxh2 32. Qd3 Qh1+ 33.
Kd2 Qf3 34. Rf1 Qc6 35. Rc1 Nd7 36. Rc2 Nc5 37. Qa3 Qd5+ 38. Ke2 Qh5+ 39. Ke1
Qh1+ 40. Ke2 Qh5+ 41. Ke1 Qg6 42. e4 Qxe4+ 43. Ne3 Nd3+ 44. Qxd3 Qxd3 45. Rxc8+
Kh7 46. Rc7 Qb1+ 47. Ke2 Qxb6 48. Rxf7 Qb5+ 49. Ke1 Qd3 50. Rf3 Kg8 51. Rg3 Kf7
52. Ng4 Qb1+ 53. Ke2 Qb2+ 54. Kf1 Ke7 1/2-1/2

[Event "Moscow Aeroflot op-A 18th"]
[Site "Moscow"]
[Date "2019.02.20"]
[Round "1"]
[White "Puranik, Abhimanyu Sameer"]
[Black "Anton Guijarro, David"]
[Result "1/2-1/2"]
[WhiteElo "2538"]
[BlackElo "2642"]
[PlyCount "64"]
[EventDate "2019.02.20"]
[EventType "swiss"]
[EventRounds "9"]
[EventCountry "RUS"]
[SourceTitle "CBM 189"]
[Source "ChessBase"]
[SourceDate "2019.04.29"]
[SourceVersion "1"]
[SourceVersionDate "2019.04.29"]
[SourceQuality "1"]

1. e4 c5 2. Nf3 Nc6 3. d4 cxd4 4. Nxd4 Nf6 5. Nc3 d6 6. Bg5 e6 7. Qd2 a6 8.
O-O-O Bd7 9. Kb1 Nxd4 10. Qxd4 h6 11. Bh4 Be7 12. f4 Bc6 13. f5 e5 14. Qd3 O-O
15. Bxf6 Bxf6 16. Be2 Rc8 17. Nd5 b5 18. Qb3 Bb7 19. c4 Bxd5 20. Rxd5 bxc4 21.
Bxc4 Rb8 22. Qd3 Qb6 23. b3 a5 24. a4 Rfc8 25. Rc1 Bg5 26. Rc2 Qg1+ 27. Ka2 Be3
28. Qd1 Qxd1 29. Rxd1 Bd4 30. Rdd2 Kf8 31. g4 Ke7 32. h4 Rc7 1/2-1/2

[Event "Moscow Aeroflot op-A 18th"]
[Site "Moscow"]
[Date "2019.02.20"]
[Round "1"]
[White "Raja, Rithvik R"]
[Black "Nihal, Sarin"]
[Result "0-1"]
[WhiteElo "2443"]
[BlackElo "2578"]
[PlyCount "78"]
[EventDate "2019.02.20"]
[EventType "swiss"]
[EventRounds "9"]
[EventCountry "RUS"]
[SourceTitle "CBM 189"]
[Source "ChessBase"]
[SourceDate "2019.04.29"]
[SourceVersion "1"]
[SourceVersionDate "2019.04.29"]
[SourceQuality "1"]

1. d4 Nf6 2. c4 e6 3. g3 c5 4. Nf3 cxd4 5. Nxd4 d5 6. Bg2 e5 7. Nf3 d4 8. O-O
Nc6 9. e3 Be7 10. exd4 exd4 11. Bf4 Be6 12. Ne5 Rc8 13. Nd2 O-O 14. Re1 Nxe5
15. Bxe5 Qd7 16. Qb3 b6 17. Rad1 Rfd8 18. Qd3 Ng4 19. Bd5 Bxd5 20. cxd5 Qxd5
21. Bxd4 Qxd4 22. Qxd4 Rxd4 23. Rxe7 h5 24. Ree1 Rcd8 25. Re2 f6 26. Kg2 Kf7
27. b3 Rd3 28. h3 Ne5 29. h4 R8d7 30. Kf1 Kg8 31. Kg2 Kf8 32. Kf1 Kf7 33. Kg2
Nc6 34. Kf1 Nb4 35. Ke1 Nc2+ 36. Kf1 Nb4 37. Ke1 Nxa2 38. Re3 R3d5 39. Ke2 b5
0-1

[Event "Moscow Aeroflot op-A 18th"]
[Site "Moscow"]
[Date "2019.02.20"]
[Round "1"]
[White "Sadhwani, Raunak"]
[Black "Tabatabaei, Mohammad Amin"]
[Result "1/2-1/2"]
[WhiteElo "2448"]
[BlackElo "2590"]
[PlyCount "162"]
[EventDate "2019.02.20"]
[EventType "swiss"]
[EventRounds "9"]
[EventCountry "RUS"]
[SourceTitle "CBM 189"]
[Source "ChessBase"]
[SourceDate "2019.04.29"]
[SourceVersion "1"]
[SourceVersionDate "2019.04.29"]
[SourceQuality "1"]

1. e4 c5 2. Nc3 Nc6 3. Nf3 d6 4. d4 cxd4 5. Nxd4 Nf6 6. Bg5 e6 7. Qd2 Be7 8.
O-O-O a6 9. f4 Bd7 10. Be2 h6 11. Bh4 b5 12. Bf3 Rc8 13. Nxc6 Bxc6 14. Bxf6
Bxf6 15. Qxd6 Qxd6 16. Rxd6 Be7 17. Rdd1 g5 18. g3 h5 19. Ne2 g4 20. Bg2 Bc5
21. Nd4 Bb7 22. Rhg1 h4 23. e5 Bxg2 24. Rxg2 b4 25. Nb3 Be3+ 26. Kb1 Ke7 27.
Re1 Bb6 28. Nd2 hxg3 29. hxg3 Rh3 30. Ne4 Rch8 31. c3 bxc3 32. bxc3 Rh2 33.
Rge2 Kd7 34. Kc2 Bd8 35. Rd1+ Kc7 36. Rxh2 Rxh2+ 37. Rd2 Rh1 38. Nd6 Rh7 39.
Ne8+ Kc8 40. Nd6+ Kc7 41. Ne4 Rh1 42. Rg2 Re1 43. Kd3 Rd1+ 44. Kc4 Re1 45. Nc5
Be7 46. Nxa6+ Kb6 47. Nb4 Bc5 48. Nc2 Rf1 49. Nd4 Bxd4 50. cxd4 Rc1+ 51. Kd3
Rd1+ 52. Ke3 Re1+ 53. Re2 Rg1 54. Ke4 Rxg3 55. d5 Ra3 56. Rb2+ Kc7 57. d6+ Kc8
58. Rc2+ Kd8 59. Rc7 Ra4+ 60. Ke3 Ra3+ 61. Kd4 Ra4+ 62. Kd3 Ra3+ 63. Ke2 Rxa2+
64. Kf1 Ke8 65. Rc8+ Kd7 66. Rc7+ Ke8 67. Rc8+ Kd7 68. Rf8 f5 69. Rf7+ Kd8 70.
Re7 Ra1+ 71. Kg2 Ra2+ 72. Kg3 Ra3+ 73. Kg2 Ra2+ 74. Kg1 Ra1+ 75. Kf2 Ra2+ 76.
Ke3 Ra3+ 77. Kd4 Ra4+ 78. Kc5 Rxf4 79. Rg7 Rf1 80. Rg8+ Kd7 81. Rg7+ Kd8
1/2-1/2

[Event "Moscow Aeroflot op-A 18th"]
[Site "Moscow"]
[Date "2019.02.20"]
[Round "1"]
[White "Suleymenov, Alisher"]
[Black "Narayanan, Srinath"]
[Result "1/2-1/2"]
[WhiteElo "2428"]
[BlackElo "2572"]
[PlyCount "117"]
[EventDate "2019.02.20"]
[EventType "swiss"]
[EventRounds "9"]
[EventCountry "RUS"]
[SourceTitle "CBM 189"]
[Source "ChessBase"]
[SourceDate "2019.04.29"]
[SourceVersion "1"]
[SourceVersionDate "2019.04.29"]
[SourceQuality "1"]

1. d4 Nf6 2. c4 c5 3. d5 g6 4. Nc3 Bg7 5. e4 O-O 6. Nf3 e6 7. Bd3 exd5 8. cxd5
d6 9. h3 a6 10. a4 Nbd7 11. O-O Nh5 12. Bg5 Bf6 13. Bh6 Re8 14. g4 Ng7 15. Kg2
Qc7 16. Qd2 Rb8 17. Rae1 c4 18. Bc2 b5 19. axb5 axb5 20. e5 Nxe5 21. Ne4 Bd8
22. Qf4 f5 23. Nxd6 Qxd6 24. Rxe5 Rxe5 25. Qxe5 Qxe5 26. Nxe5 Bb7 27. Rd1 Bc7
28. Nc6 Re8 29. Kf1 fxg4 30. d6 Bxc6 31. dxc7 gxh3 32. Kg1 Ne6 33. Rd6 Bb7 34.
Be4 Bc8 35. Bc6 Kf7 36. Bxe8+ Kxe8 37. Bg5 Nxg5 38. Rd8+ Ke7 39. Rxc8 Kd7 40.
Rb8 Kxc7 41. Rxb5 Nf3+ 42. Kh1 Kc6 43. Rb8 Kd5 44. Rh8 h5 45. Rh6 Ne5 46. f4
Nd3 47. Rxg6 Nxb2 48. Rg5+ Kd4 49. f5 Ke5 50. f6+ Kxf6 51. Rc5 Ke6 52. Kh2 Kd6
53. Rc8 Kd5 54. Kxh3 Nd3 55. Kh4 Nc5 56. Rd8+ Ke4 57. Rc8 Kd4 58. Rd8+ Ke4 59.
Rc8 1/2-1/2

[Event "Moscow Aeroflot op-A 18th"]
[Site "Moscow"]
[Date "2019.02.20"]
[Round "1"]
[White "Sunilduth Lyna, Narayanan"]
[Black "Warmerdam, Max"]
[Result "1-0"]
[WhiteElo "2593"]
[BlackElo "2450"]
[PlyCount "79"]
[EventDate "2019.02.20"]
[EventType "swiss"]
[EventRounds "9"]
[EventCountry "RUS"]
[SourceTitle "CBM 189"]
[Source "ChessBase"]
[SourceDate "2019.04.29"]
[SourceVersion "1"]
[SourceVersionDate "2019.04.29"]
[SourceQuality "1"]

1. d4 d5 2. c4 c6 3. Nf3 Nf6 4. Nc3 dxc4 5. a4 e6 6. e3 c5 7. Bxc4 Nc6 8. O-O
Be7 9. Qe2 O-O 10. Rd1 cxd4 11. Nxd4 Nxd4 12. exd4 Nd5 13. Qf3 Nxc3 14. bxc3
Qc7 15. Bd3 Bd7 16. Bf4 Qc8 17. c4 Bf6 18. Ra3 e5 19. dxe5 Bg4 20. Qe4 g6 21.
Be2 Bxe2 22. Qxe2 Re8 23. Re3 Bg7 24. h4 Qc6 25. a5 Rac8 26. Re4 Qa4 27. Rd5
Rc6 28. Rb5 b6 29. axb6 axb6 30. Kh2 Rec8 31. c5 Qa6 32. e6 fxe6 33. Rxe6 bxc5
34. Re7 Rf6 35. Be5 Rf7 36. Rxf7 Bxe5+ 37. Qxe5 Kxf7 38. Qd5+ Qe6 39. Rb7+ Kf6
40. Qg5# 1-0

[Event "Moscow Aeroflot op-A 18th"]
[Site "Moscow"]
[Date "2019.02.20"]
[Round "1"]
[White "Svane, Rasmus"]
[Black "Flom, Gabriel"]
[Result "1-0"]
[WhiteElo "2599"]
[BlackElo "2460"]
[PlyCount "77"]
[EventDate "2019.02.20"]
[EventType "swiss"]
[EventRounds "9"]
[EventCountry "RUS"]
[SourceTitle "CBM 189"]
[Source "ChessBase"]
[SourceDate "2019.04.29"]
[SourceVersion "1"]
[SourceVersionDate "2019.04.29"]
[SourceQuality "1"]

1. e4 d6 2. d4 Nf6 3. Nc3 g6 4. Nf3 Bg7 5. Be3 a6 6. Bd3 Nc6 7. d5 Ne5 8. Nxe5
dxe5 9. O-O O-O 10. Qe2 e6 11. Bc5 Re8 12. Bc4 exd5 13. Bxd5 Nd7 14. Be3 c6 15.
Bb3 Qe7 16. Rfd1 b5 17. a4 Bb7 18. Qf3 Nf6 19. h3 Rad8 20. Rxd8 Rxd8 21. axb5
axb5 22. Ra7 Ra8 23. Bc5 Qd7 24. Rxa8+ Bxa8 25. Na2 Qd2 26. Bxf7+ Kxf7 27. Qb3+
Nd5 28. exd5 Qxd5 29. Qa3 Bb7 30. Nc3 Qd7 31. Qa2+ Qe6 32. Qa7 Qd7 33. Ne4 Bc8
34. Qa2+ Qd5 35. Qxd5+ cxd5 36. Nd6+ Ke6 37. Nxc8 d4 38. f3 Kd5 39. Ba3 1-0